| 000 | 00400cam a2200157ua 4500 | ||
|---|---|---|---|
| 041 |
_aeng _h |
||
| 082 |
_a621.801 _bANV/SO |
||
| 100 | _aAnvoner, S . | ||
| 245 |
_aSolution of Problems in theory of Machines / _cS.Anvoner. _hTextual Documents |
||
| 250 |
_a1 / _b. |
||
| 260 |
_a : _bSir Isaac Pitman & Sons Ltd , _c1962. |
||
| 300 | _a492 ; . | ||
| 504 | _a | ||
| 942 | _cBK | ||
| 999 |
_c1318 _d1318 |
||